000 00363nam a2200157 4500
008 180724s1983||||CZ d
100 1 _aŠtverák Vladimír
_9550
245 1 0 _aStrucné dejiny pedagogiky
250 _a1. vydanie
260 _bSNP
_aPraha
_c1983
300 _a308 s.
020 _a460024/2
_c0
041 1 _acze
044 _aCZ
958 _aAPR
999 _c21712
_d21712